| 000 | 00607nam a22001937a 4500 | ||
|---|---|---|---|
| 003 | DO-SdBNP | ||
| 005 | 20180219151543.0 | ||
| 008 | 160610b 2004 ru 00| 0 spa d | ||
| 040 |
_aBPMSU _bspa _cBPMSU |
||
| 082 | 4 |
_axxxx _bxxxx |
|
| 100 | 1 | _a Banykin, Nicolás P. | |
| 245 | 1 | 3 |
_aEl cosmos, la tierra y la humanidad / _cNicolás P. Banykin ; traducción Sergio Guadarrama |
| 260 |
_aRusia : _bSociedad Oriental de los Roerich, _c2004. |
||
| 300 |
_a58 p. ; _c20 cm. |
||
| 700 | 1 |
_aGuadarrama, Sergio, _etr. |
|
| 942 |
_2ddc _cBK |
||
| 945 | _aInventariado, 2018/MFF | ||
| 956 |
_aBTAVÁREZ _b10 _d20160610 _fBPMSU _h0038 |
||
| 999 |
_c10349 _d10349 |
||